Open Data Biblioteca Nacional de Portugal


República Portuguesa: Ministério da Cultura
Biblioteca Nacional de Portugal

Catálogo da BNP: acesso por Identificadores Unívocos
Registos Bibliográficos associados ao registo de autoridade

Etiqueta de registo: 00254nam 2200025 450
001 2112530
003 http://id.bnportugal.gov.pt/bib/catbnp/2112530
100 ## $a20221017d2022 m b0pory01030103ba
101 0# $apor
102 ## $aPT
105 ## $aa z 000yy
106 ## $ar
200 1# $aAgenda regional para a qualificação profissional$evalorizar os açorianos, horizonte 2030$fcoord. Francisco Simões$gcoord. científica ISCTE - Centro de Investigação e Intervenção Social
210 #9 $a[S.l.]$cSecretaria Regional da Juventude, Qualificação Profissional e Emprego,$d2022
215 ## $a108 p.$cil.$d30 cm
675 ## $a377.1(469.9)"2021/2027"$vBN$zpor$31861515
675 ## $a37.014(469.9)"1975/2027"$vBN$zpor$31861532
675 ## $a308(469.9)"2011/2020"$vBN$zpor$31861516
702 #1 $93$aSimões,$bFrancisco$4340$31719337
712 02 $aInstituto Superior de Ciências do Trabalho e da Empresa.$bCentro de Investigação e Intervenção Social$4695$31861441
801 #0 $aPT$bBN$gRPC
856 41 $uhttp://rnod.bnportugal.gov.pt/ImagesBN/winlibimg.aspx?skey=&doc=2112530&img=170434&save=true
900 ## $aBIBNAC$d20221205
966 ## $lBN$mFGMON$sS.C. 159883 V.$x1
971 ## $carosa$d20221017
972 ## $e1$z0$d20221205$viquintas
973 ## $cmlsousa$d20221018
974 ## $d20221018$e0$vaalmeid

Etiqueta de registo: 00254nam 2200025 450
001 2285792
003 http://id.bnportugal.gov.pt/bib/catbnp/2285792
100 ## $a20260506d2025 k y0pory01030103ba
101 0# $apor$deng$dfre
102 ## $aPT
105 ## $aa m 000yy
106 ## $ar
200 1# $aNEET ou EET? Fatores preditores do estatuto NEET em jovens da Área Metropolitana do Porto$fMaria Helena Figueira Vieira Pimentel de Matos$gorient. Maria Adelina Acciaiuoli Faria Barbosa Ducharne, Francisco Simões
210 #9 $aPorto$c[s.n.],$d2025
215 ## $a[6], XII, 196 p.$cil.$d30 cm
328 #1 $aTese dout. Psicologia, Faculdade de Psicologia e de Ciências da Educação, Universidade do Porto, 2025
700 #1 $aMatos,$bMaria Helena Figueira Vieira Pimentel de$31997722
702 #1 $aDucharne,$bMaria Adelina Acciaiuoli Faria Barbosa$4727$3972833
702 #1 $93$aSimões,$bFrancisco$4727$31719337
801 #0 $aPT$bBN$gRPC
966 ## $lBN$mFGMON$x1
971 ## $cssilva$d20260506

Etiqueta de registo: 00000nam 2200025 450
001 1995386
003 http://id.bnportugal.gov.pt/bib/catbnp/1995386
010 ## $a978-989-766-140-2
021 ## $aPT$b430513/17
100 ## $a20180710d2017 a y0pory01030103ba
101 0# $apor
102 ## $aPT
105 ## $ay z 000fy
106 ## $ar
200 1# $aPortismo à maneira curta$eguia prático e fundamental para a educação de um pequeno portista$fFrancisco Simões
205 ## $a1ª ed
210 #9 $aPorto$cCoolbooks,$d2017
215 ## $a199, [2] p.$d20 cm
675 ## $a821.134.3-34"20"$vBN$zpor$31018838
700 #1 $93$aSimões,$bFrancisco$31719337
801 #0 $aPT$bBN$gRPC
856 41 $uhttp://rnod.bnportugal.gov.pt/ImagesBN/winlibimg.aspx?skey=&doc=1995386&img=111616&save=true
900 ## $aBIBNAC$d20180725
966 ## $lBN$mFGMON$sL. 114452 P.$x1
966 ## $lBN$mFGMON$sL. 114452 P.-D$x1

OpendataBNP@bnportugal.pt | Mais informação sobre acesso aos dados BNP